LIBRARY & INFORMATION CENTRE, KCAET, TAVANUR

ONLINE PUBLIC ACCESS CATALOGUE (OPAC)

Bioremediation Principles (Record no. 19424)

MARC details
000 -LEADER
fixed length control field 00420nam a22001697a 4500
003 - CONTROL NUMBER IDENTIFIER
control field OSt
008 - FIXED-LENGTH DATA ELEMENTS--GENERAL INFORMATION
fixed length control field 250221b |||||||| |||| 00| 0 eng d
041 ## - LANGUAGE CODE
Language code of text/sound track or separate title eng
100 ## - MAIN ENTRY--AUTHOR NAME
Personal name Eweis, Juana B
245 ## - TITLE STATEMENT
Title Bioremediation Principles
250 ## - EDITION STATEMENT
Edition statement First
260 ## - PUBLICATION, DISTRIBUTION, ETC. (IMPRINT)
Name of publisher Mc Graw Hill,
Year of publication 1998.
700 ## - ADDED ENTRY--PERSONAL NAME
Personal name Ergas, Sarina J
700 ## - ADDED ENTRY--PERSONAL NAME
Personal name Chang, Daniel PY
700 ## - ADDED ENTRY--PERSONAL NAME
Personal name Schreeder, Edward D
942 ## - ADDED ENTRY ELEMENTS (KOHA)
Koha item type Books
Holdings
Withdrawn status Lost status Damaged status Home library Current library Date acquired Source of acquisition Cost, normal purchase price Accession Number Koha item type Public note
Withdrawn     KAUAET KAUAET 21/02/2025 Current Books, Thrissur 459.74 20391 Books Withdrawn as per order no A3-1008/2003 dated 25/04/2003
free website counter